Normale Ansicht MARC-Ansicht ISBD

750 Jahre Frankfurt (Oder) : (Titelsatznr. 371650)

[ MARC ]
MARC-Details
000 -Satzkennung
Kontrollfeld mit fester Länge 00535nam a2200145 4500
008 - Feld mit fester Länge zur physischen Beschreibung - Allgemeine Angaben
Kontrollfeld mit fester Länge 220531b ||||| |||| 00| 0 eng d
040 ## - Katalogisierungsquelle
Original-Katalogisierungsstelle DE-2950
Übertragungsstelle DE-2950
041 ## - Sprachcode
Sprachcode des Textes/der Tonspur oder des separaten Titels ger
245 ## - Titel
Titel 750 Jahre Frankfurt (Oder) :
Zusatz zum Titel Festumzug - 13. Juli, 23. Hansetag, Europagarten, 78. Bachfest, Kleist-Feststage, 56. Friedensfahrt. [Zeitungsausschnittsammlung]
260 ## - Publikation, Vertrieb usw. (Erscheinungsvermerk)
Erscheinungsort, Vertriebsort etc. [Frankfurt Oder],
Date of publication, distribution, etc 2001 - 2003]
300 ## - Physische Beschreibung
Umfang ungezählte Seiten;
Andere physische Details Ringbuchheftung
653 ## - Indexierungsterm - Nicht normiert
Nicht-normierter Term Frankfurt (Oder)
653 ## - Indexierungsterm - Nicht normiert
Nicht-normierter Term Stadtjubiläum 750 Jahre
942 ## - Zusätzliche Felder (Koha)
Klassifikation oder Aufstellungssystematik Andere/Generische Klassifikation
Koha-Medientyp Bücher
Exemplare
Ausgeschieden Verloren Klassifikation oder Aufstellungssystematik Beschädigt Nicht entleihbar Permanenter Standort Aktueller Standort Aufstellungsort Erwerbungsdatum Lieferant Kodierter Standort-Qualifier Anzahl Ausleihen Signatur Letzte Aktivität Exemplarnummer Preis gültig von Medientyp
    Andere/Generische Klassifikation     Stadtarchiv Frankfurt (Oder) | Archivbibliothek Stadtarchiv Frankfurt (Oder) | Archivbibliothek Magazin 31/05/2022 OB-Büro M   IV:1562 31/05/2022 108/2021 31/05/2022 Bücher